01600nam a2200193Ia 4500001001300000003001000013005001700023008004100040040002500081041000700106100003100113245004400144260009200188300001200280500019500292520064700487650005001134700022201184b6347-44771 IT-MiCISF20240718113834.0161014s9999||||xx |||||||||||||| ||und|| aIT-MiCISFcIT-MiCISF ait aNicolli Sergio (a cura di) 0aGiovani sposi in cammino... non da soli a Siena; Ufficio Nazionale della CEI per la Pastorale della Famiglia,bCantagalli,c2007 app. 333 apastorale-familiare, primi-anni-matrimonio, genitorialità, spiritualità-coniugale, teologia, pastorale-sacramenti, catechesi, spiritualità-familiare, coppia-in-crisi, chiesa-domestica  aAnche dopo un percorso di preparazione al matrimonio, troppe volte la giovane coppia viene lasciata sola in momenti cruciali del suo cammino, quando la relazione potrebbe conculidarsi nell'impatto con le prime consistenti difficoltà, e invece spesso soccombe sotto il peso della fatica e dello scoraggiamento. In questo testo, che contiene gli atti di una settimana estiva di formazione per operatori di pastorale familiare organizzata dall'Ufficio Famiglia della CEI, sono raccolti contributi, esperienze e riflessioni che nascono dalla necessità di fornire un supporto alle giovani coppie evitando di lasciarle sole dopo il matrimonio. a Temi di pastorale / pastorale-familiaree012 aBrambilla F.G., Belletti F., Zattoni M.T., Gillini G., Palazzini C., Vivaldelli G., aAnfossi G., Nicolli S., Tortalla M., Borsato B., Sivelli B., Marinoni A., Noceti S., aMarangoni R., Oreglia N. e D., Destro L.....